1875 1586 1422 1519 1474 1363 1101 1961 1798 1267 1836 1135 1578 1199 1066 1838 1783 1910 1759 1545 1063 1814 1328 1583 1387 1367 1868 1370 1445 1620 1948 1452 1881 1936 1791 1873 1388 1018 1460 1843 1452 1070 1712 1765 1009 1669 1843 1687 1482 1363 1102 1127 1923 1207 1748 1229 1259 1519 1740 1128 1669 1706 1918 1234 1014 1674 1834 1609 1946 1138 1866 1893 1667 1096 1695 1155 1022 1875 1254 1341 1707 1386 1815 1295 1811 1454 1802 1801 1757 1876 1122 1815 1893 1085 1799 1415 1440 1044 1796 BCNSPRNW ULIB Ver.6.0+V

เปลี่ยนเป็นภาษาไทย

Change to English
 แสดงรายละเอียดบรรณานุกรม
  กลับหน้าหลัก

Brief Record : Get Marc (ISO 2709) : E-mail record : QR code < ปิดหน้าต่าง
LEADER : 00000nam 2200000uu 4500
001    13399128782
003     ULIB
008    240913s2566||||th 000 0 tha d
020    ^a9786167741130
060 04 ^aWY100^bอ317ก^cล.2
100 0  ^aอรชร ศรีไทรล้วน, บรรณาธิการ
245 00 ^aการพยาบาลพื้นฐานเล่ม 2 =^bFundamentals of Nursing II /^cอรชร ศรีไทรล้วน, บรรณาธิการ
250    ^aพิมพ์ครั้งที่ 2 ( ราคา 230 บาท )
260    ^aกรุงเทพฯ :^bภาควิชาการบริหารการพยาบาลและพื้นฐานวิชาชีพ,^c2566
300    ^a193 หน้า :^bภาพประกอบ ; ตาราง ;^c26 ซม.
505 0  ^aบทที่ 1 บทบาทพยาบาลกับการบริหารยารับประทาน
505 0  ^aบทที่ 2 บทบาทพยาบาลในการใช้ความร้อนและความเย็นเพื่อการบำบัด
505 0  ^aบทที่ 3 การพยาบาลเพื่อตอบสนองความต้องการการพักผ่อนนอนหลับ
505 0  ^aบทที่ 4 บทบาทพยาบาลกับการบริหารยาฉีดและการให้สารละลายทางหลอดเลือดดำ
505 0  ^aบทที่ 5 บทบาทพยาบาลในการดูแลบุคคลที่มีปัญหาเกี่ยวกับการขับถ่ายปัสสาวะ
505 0  ^aบทที่ 6 บทบาทพยาบาลในการดูแลบุคคลที่มีปัญหาเกี่ยวกับการขับถ่ายอุจจาระ
505 0  ^aบทที่ 7 บทบาทพยาบาลในการดูแลผู้ป่วยที่มีบาดแผล
505 0  ^aบทที่ 8 บทบาทพยาบาลกับการใช้ผ้าพัน
650  7 ^aการพยาบาลพื้นฐาน
650  7 ^aพยาบาล
700 0  ^aสุภวรรณ วงศ์ธีรทรัพย์,^eบรรณาธิการ
700 0  ^aอมรรัตน์ เสตสุวรรณ,^eบรรณาธิการ
945    ^p230^l0^i010765
945    ^p230^l0^i010766
945    ^p230^l0^i010767
999    ^aประนอม เกษจรัล
รายการนี้ยังไม่มีแท็ก
คุณยังไม่ได้ล็อกอิน คุณสามารถมีกิจกรรมร่วมกับเว็บไซต์ได้ แต่ต้องล็อกอินก่อน ::
  ล็อกอิน

รายการสื่อสารสนเทศ

ลำดับที่ ประเภท เลขเรียก/บาร์โค้ด สถานที่ สถานะ
1. Book การพยาบาล
หนังสือสำรอง
สถานะ=หนังสือสำรอง
WY100 อ317ก ล.2 ฉ.1 
  Barcode: 010765
ห้องสมุดวิทยาเขตสวรรค์ประชารักษ์
►หนังสือทั่วไป
บนชั้น
2. Book การพยาบาล
Book การพยาบาล
WY100 อ317ก ล.2 ฉ.2 
  Barcode: 010766
ห้องสมุดวิทยาเขตสวรรค์ประชารักษ์
►หนังสือทั่วไป
บนชั้น
3. Book การพยาบาล
Book การพยาบาล
WY100 อ317ก ล.2 ฉ.3 
  Barcode: 010767
ห้องสมุดวิทยาเขตสวรรค์ประชารักษ์
►หนังสือทั่วไป
บนชั้น

รายการใกล้เคียง
    ผู้แต่ง [อรชร ศรีไทรล้วน, บรรณาธิการ]

    หัวเรื่อง [การพยาบาลพื้นฐาน]
    หัวเรื่อง [พยาบาล]

BibComment


ยังไม่เคยถูกคอมเมนท์

คอมเมนท์ทรัพยากรรายการนี้
  คอมเมนท์: การพยาบาลพื้นฐาน..


 Copyright 2026. Bcnsprnw @Library